Verdade?! (Registo nº 25703)
[ vista simples ]
| 000 -Etiqueta do registo | |
|---|---|
| Valores | 00640nam a2200229 4500 |
| 010 ## - Número ISBN | |
| ISBN | 9789899847095 |
| 021 ## - Número do Depósito Legal | |
| -- | PT |
| Número | 388280/15 |
| 090 ## - | |
| -- | 25703 |
| 100 ## - Dados gerais de processamento | |
| Dados gerais | 20150813d2015 c y0pory50030103ba |
| 101 0# - Língua de publicação | |
| -- | por |
| 102 ## - País de publicação | |
| -- | PT |
| 200 1# - Titulo e menção de responsabilidade | |
| Título próprio | Verdade?! |
| Primeira menção de responsabilidade | Bernardo P. Carvalho |
| 210 ## - Publicação | |
| Local de publicação | Lisboa |
| Nome do editor | Pato Lógico |
| Data de publicação | 2015 |
| 215 ## - Descrição física | |
| Paginação / Volumes | [34] p. |
| Outras indicações físicas | il. |
| Dimensões | 26 cm |
| 606 ## - Nome comum usado como assunto | |
| ID Autoridade | 187 |
| Palavra de ordem | Histórias para crianças |
| 675 ## - CDU | |
| Notação | 8:087.5 |
| 700 ## - Autor principal (pessoa individual) | |
| Apelido | Carvalho |
| Nome | Bernardo P. |
| Datas | 1973- |
| -- | 070 |
| ID Autoridade | 2572 |
| 801 #0 - Fonte de origem | |
| País | PT |
| Agência | BN |
| Regras de catalogação | RPC |
| 856 41 - Localização e acesso electrónico | |
| URL | <a href="http://rnod.bn.pt/ImagesBN/winlibimg.aspx?skey=&doc=1907817&img=65439&save=true">http://rnod.bn.pt/ImagesBN/winlibimg.aspx?skey=&doc=1907817&img=65439&save=true</a> |
| 990 ## - Elementos KOHA | |
| Tipo de documento | Livro |
| 994 ## - Estado da catalogação | |
| -- | COMP |
| Situação do levantamento | Estado | Biblioteca de origem | Biblioteca de empréstimo | Código de barras | Cota | Permissão de empréstimo | Tipo de documento | Nota relativa ao exemplar |
|---|---|---|---|---|---|---|---|---|
| Completo | Biblioteca Municipal de Viana Do Alentejo | Biblioteca Municipal de Viana Do Alentejo | 0031223 | 8 CAR | Disponível | Livro | 6-10 anos |